000 00558nam a2200217Ia 4500
003 OSt
005 20221007071306.0
006 a|||||r|||| 00| 0
007 ta
008 221006b |||||||| |||| 00| 0 eng d
024 _a25,186
037 _cTextual
040 _aFLL
_cFLL
_beng
041 _2eng
_aeng
082 _aZ3:AqN4, G9.3-1
245 0 _aEmergency legislation service
260 _aLondon
_bButterworth & Co. UK
_c1939
300 _aix,134p
_ccm.
942 _hZ3:AqN4, G9.3-1
_cTEXL
_2CC
999 _c1142965
_d1142965